| 000 | 00584nam a2200217 a 4500 | ||
|---|---|---|---|
| 005 | 20210219153237.0 | ||
| 008 | 991125n 000 0 u | ||
| 035 | _aUPN01000085351 | ||
| 100 | _aHughes, Ian | ||
| 222 | _aHIGHER EDUCATION RESEARCH AND DEVELOPMENT | ||
| 245 | _aLearning to solve complex problems in simulation | ||
| 300 | _a1-7 | ||
| 362 | _a11, No. 1, 1992 | ||
| 505 | _aMarzo 1993 | ||
| 653 | 0 | _aIMITACION | |
| 653 | 0 | _aRESOLUCION DE PROBLEMAS | |
| 653 | 0 | _aROL DEL JUEGO | |
| 653 | 0 | _aTRABAJADORES SOCIALES | |
| 904 |
_aAC _b023162 |
||
| 905 | _aArticulo | ||
| 999 |
_c71852 _d71852 |
||